000 01206nam a2200313 i 4500
003 DO-SdBNP
005 20240826125436.0
006 a||||gr|||| 00| 0
007 ta
008 240813e2024 dr aobc| |||| 00| e spa d
020 _a9789945186079
040 _aDO-SdBNP
_bspa
_cBNPHU
_erda
082 4 _222
_bG643r 2024
100 1 _aGonzález, Geraldino,
_d1957-
_eautor
_920628
245 1 0 _aRios y arroyos de la República Dominicana :
_b¿quiénes los han matado? /
_cGeraldino González; prólogo, Cesar A. Batista Valdespina.
250 _aSegunda edición.
264 1 _a[Santo Domingo] :
_bEditorial Nuevo Diario,
_c2024
300 _a301 páginas :
_bilustraciones, facsímil, fotografías, mapas, retratos ;
_c22 cm.
336 _2rdacontent
_atexto
_btxt
337 _2rdamedia
_asin mediación
_bn
338 _2rdacarrier
_avolumen
_bnc
500 _aIncluye datos biográficos del autor en la contracubierta.
504 _aBibliografía: páginas 300-301
590 _aInventariado 2024 / MF
650 4 _aEcosistema Costeros
_910254
_zRepública Dominicana
650 4 _aRíos
_zRepública Dominicana
_99261
700 1 _aBatista Valdespina, Cesar A.,
_924089
_eprólogo
942 _2ddc
_cLBS1
999 _c57434
_d57434